| 000 | 01279nam a22002177a 4500 | ||
|---|---|---|---|
| 003 | AM-YeHGA | ||
| 040 | _aAM-YeHGA | ||
| 090 | _c432623 | ||
| 005 | 20250617155308.0 | ||
| 008 | 180416s1957 ru ac|||r|||||001|0|rus|| | ||
| 041 | 0 | _arus | |
| 245 | 0 | 0 |
_aУстановление Советской власти в Калужской губернии : _bДокументы и материалы. Март 1917 - июль 1918 г. / _cПарт. архив Калуж. обкома КПСС. Гос. архив Калуж. области. |
| 260 |
_aКалуга : _bГаз. "Знамя", _c1957. |
||
| 300 |
_a479 с., 2 л. портр. : _bил. ; _c23 см. |
||
| 490 | 1 | _a40 лет Великой Октябрьской социалистической революции | |
| 650 | 1 | 4 |
_aВеликая Октябрьская социалистическая революция _xИстория _y1917-1918 гг. _zКалужская губерния |
| 653 | 0 | _aКПСС- Калужская организация - Документы и материалы | |
| 710 | 2 | _aКалужский областной партийный архив | |
| 830 | 0 | _a40 лет Великой Октябрьской социалистической революции | |
| 942 |
_2udc _cBK |
||
| 999 |
_c430072 _d430072 |
||